| 000 | 00536nam a2200169 a 4500 | ||
|---|---|---|---|
| 999 |
_c2854 _d2854 |
||
| 001 | 2854 | ||
| 003 | CDMR | ||
| 005 | 20250127121951.0 | ||
| 008 | 130130s1926||||||||||||||||||||||||||||d | ||
| 040 |
_aCDMR _bcat _cCDMR |
||
| 110 | 2 |
_aAssociació de la Premsa de Sabadell _92102 |
|
| 245 | 1 | 0 |
_aMemòria _c/ Associació de la Premsa de Sabadell |
| 260 |
_aSabadell _b: l'Associació, _c[191-]-[193-] |
||
| 856 |
_uhttps://arca.bnc.cat/arcabib_pro/ca/consulta/registro.do?id=2748 _zAccés lliure (ARCA) |
||
| 942 |
_cMON _2udc |
||